000 01040nas a2200313 4500
001 BR0304937
003 BR-BrBNA
005 20231205104124.0
007 ta
008 230509b bl.|||p| |||| 00| 00por d
040 _aBR-BrBNA
_bpor
_cBiblioteca Nacional de Agricultura
041 _a(Pt)
072 _aL72
100 1 _aMarchiori, C.H.
100 1 _aPereira, L.A.
100 1 _aFilho, O.M.S.
100 1 _aRibeiro, L.C.S.
100 1 _aBorges, V.R.
245 1 _aOcorrência de Brachymeria podagrica (Fabricius)(Hymenoptera: Chalcididae)como parasitóide de dípteros coletados em diferentes substratos em Itumbiara, Sul de Goiás, Brasil
650 _aMOSCA
650 _aPARASITO DE ANIMAL
650 _aDIPTERA
650 _aSUBSTRATO DE CULTURA
650 _aCONTROLE BIOLÓGICO
650 _aGOIÁS
773 0 _tArquivo Brasileiro de Medicina Veterinária e Zootecnia (Brazil)
_xISSN 0102-0935
_g(Apr 2003), v. 55(2) p. 246-248
_wBR0304937
909 _a202311
_bLúcia
_c55
_dLúcia Elande
942 _2AGRIS
_n0
_cANA
999 _c176484
_d176484